Statistics for US States without 'A'

Click here to take the quiz!

General Stats

  • This quiz has been taken 717 times
  • The average score is 12 of 14

Answer Stats

HintAnswer% Correct
New York
93%
Vermont
91%
Mississippi
90%
Ohio
90%
Wyoming
90%
New Mexico
89%
Oregon
89%
Kentucky
87%
Missouri
87%
New Jersey
86%
Illinois
85%
Tennessee
85%
Wisconsin
85%
Connecticut
81%

Score Distribution

Percentile by Number Answered

Percent of People with Each Score

Your Score History

You have not taken this quiz